| 000 | 00788cam a22002174a 4500 | ||
|---|---|---|---|
| 001 | 15312931 | ||
| 005 | 20180306074853.0 | ||
| 008 | 080602s2009 caua 001 0 eng | ||
| 010 | _a 2008024487 | ||
| 020 | _a9780136045311 (pbk. : alk. paper) | ||
| 040 |
_aDLC _cDLC _dDLC |
||
| 041 | _aeng | ||
| 080 | _a363.7 jay | ||
| 082 | 0 | 0 |
_a363.7 jay _222 |
| 100 | 1 | _a9 | |
| 101 | _amje | ||
| 245 | 1 | 0 |
_aEssential environment : _cJay Withgott, Scott Brennan. |
| 906 |
_a7 _bcbc _corignew _d1 _eecip _f20 _gy-gencatlg |
||
| 942 |
_2ddc _cBK |
||
| 999 |
_c44188 _d44188 |
||